Datum a čas kvízu
23.5
Celkem bodů
Celkový počet nahraných bodů na tomto kvízu bez doplňovacích otázek.
10.
Pořadí na kvízu
Konečné umístění týmu na tomto kvízu.
Zaznamenané odpovědi
| # | Otázka | Odpověď | Body | Výsledky |
|---|---|---|---|---|
| 1. | Jistou ulici v Praze někdo min... | Ruská | 0 | |
| 2. | Jistý stát zažil minulý týden... | Čína | 0 | |
| 3. | V úterý jsme se dozvěděli, že... | Blade Runner | 1 | |
| 4. | Japonští vědci minulý týden oz... | ze dřeva | 1 | |
| 5. | 34letý trojnásobný mistr světa... | Peter Sagan | 0 | |
| 6. | Součástí televizního programu... | Hodina pravdy | 1 | |
| 7. | Milovníkům AZ-kvízu či zábavný... | pěstební dělnice | 1 | |
| 8. | Napište název televizní soutěž... | Kufr | 0 | |
| 9. | V dnešní době je velmi populár... | jednou | 0 | |
| 10. | Kdo z uvedených nikdy nemodero... | D | 0 |